Undefeatable Lyrics (Sonic Frontiers) - Statistics

General Stats
  • This quiz has been taken 38 times
  • The average score is 269 of 361
Answer Stats
Answer % Correct
I
100%
hanging
94%
of
94%
on
94%
on)
94%
other
94%
side
94%
side)
94%
the
94%
(the
94%
to
94%
a
89%
end
89%
(end
89%
give
89%
I’m
89%
me
89%
me)
89%
up
89%
won’t
89%
‘til
83%
(Face
78%
face
78%
(Go!)
78%
It
78%
it,
78%
it
78%
you
78%
an
72%
be
72%
different
72%
fear!)
72%
fear
72%
kind
72%
time
72%
undefeatable
72%
Welcome
72%
your
72%
Already
67%
am
67%
and
67%
And
67%
but
67%
But
67%
can
67%
carry
67%
(carry
67%
‘Cause
67%
come
67%
don’t
67%
gone
67%
Guess
67%
has
67%
I’ll
67%
is
67%
It’s
67%
it’s
67%
know
67%
mind
67%
one
67%
really
67%
run
67%
slowly
67%
story
67%
Think
67%
this
67%
This
67%
throw
67%
(throw
67%
when
67%
Where
67%
wolves
67%
wolves)
67%
(Yeah!)
67%
been
61%
Been
61%
before
61%
brings
61%
down
61%
eleven,
61%
enemy
61%
from
61%
game
61%
glory
61%
growing
61%
just
61%
losing
61%
never
61%
nine
61%
Now
61%
now
61%
past
61%
road
61%
Running
61%
stars
61%
(stars
61%
take
61%
we’ve
61%
We’ve
61%
becomes
56%
clear
56%
crossing
56%
crystal
56%
ends
56%
get
56%
line
56%
mine
56%
out
56%
part
56%
what
56%
you’re
56%
You’re
56%
another
50%
collide
50%
collide)
50%
find
50%
ghost
50%
way
50%
(Woah,
50%
woah)
50%
used
44%
feeling’s
39%
takes
39%
given
11%
I’ve
11%
No matching quizzes found
Score Distribution
Percent of People with Each Score
Percentile by Number Answered
Your Score History
You have not taken this quiz